[Event "Famalicao op 6th"]
[Site "Famalicao"]
[Date "2018.08.04"]
[Round "9"]
[White "Mendes, Bruno Daniel"]
[Black "Abreu, Duarte Ferreira"]
[Result "1-0"]
[WhiteElo "1466"]
[BlackElo "1087"]
[PlyCount "31"]
[EventDate "2018.07.29"]
[EventType "swiss"]
[EventRounds "9"]
[EventCountry "POR"]
[SourceTitle "CBM 185 Extra"]
[Source "ChessBase"]
[SourceDate "2018.07.29"]
[SourceVersion "1"]
[SourceVersionDate "2018.07.29"]
[SourceQuality "1"]

1. e4 e5 2. Nf3 Nc6 3. Bc4 Bc5 4. c3 d6 5. d4 Bb6 6. dxe5 Nge7 7. exd6 cxd6 8. Bf4 Bc7 9. Ng5 h6 10. Nxf7 Qd7 11. Nxh8 Na5 12. Qh5+ Kd8 13. Nf7+ Ke8 14. Ne5+ Kd8 15. Nxd7 Bxd7 16. Nd2 1-0